000 00272nam a2200121Ia 4500
008 190216s9999||||xx |||||||||||||| ||und||
100 _aNull
245 0 _aSeven Best Books
260 _bPublishing Company Ltd
_c1985
300 _a206p
650 _aSpeeches
942 _cBK
999 _c13200
_d13200